| 000 | 00604nam a22001937a 4500 | ||
|---|---|---|---|
| 003 | DO-SdBNP | ||
| 005 | 20180226090706.0 | ||
| 008 | 160314b 1988 xxu ||||| |||| 00| 0 spa d | ||
| 020 | _a0311385893 | ||
| 040 |
_aBPMSU _bspa _cBPMSU |
||
| 100 | _aMartÃnez, Carol | ||
| 245 | 1 | 0 |
_aPaco y Ana aprenden acerca de la amistad / _cCarol MartÃnez ilustrado por Peter Stillman. |
| 260 |
_aNew York : _bMundo Hispano, _c1988 _g1995 |
||
| 300 |
_a32 p. : _bil. ; _c18 cm. |
||
| 700 | 1 | 2 |
_aStillman, Peter, _eil. |
| 942 |
_2ddc _cBK |
||
| 945 | _aInventariado, 2018 /LP | ||
| 956 |
_aDGARCIA _b10 _c20160314 _hBPMSU |
||
| 999 |
_c9205 _d9205 |
||